El feo, el bobo y el malo / (Registro nro. 12490)

Detalles MARC
000 -LIDER
fixed length control field 00806nam a22002897a 4500
003 - IDENTIFICACDOR DE NÚMERO DE CONTROL
control field DO-SdBNP
005 - DATE AND TIME OF LATEST TRANSACTION
control field 20180221094408.0
008 - ELEMENTOS DE LONGITUD FIJA
fixed length control field 160718 1989 sp a spa d
020 ## - ISBN
International Standard Book Number 8421610465
040 ## - FUENTE DE CATALOGACIÓN
Agencia que crea de manera original el registro BPMSU
Idioma de catalogación spa
Agencia que realiza la transcripción BPMSU
092 ## - LOCALLY ASSIGNED DEWEY DECIMAL CALL NUMBER
Número de clasificación
Número de ítem (Cutter)
100 1# - ASIENTO PRINCIPAL -- NOMBRE PERSONAL
Nombre personal Muñoz, Juan
245 13 - MENCIÓN DE TITULO
Título El feo, el bobo y el malo /
Mención de responsabilidad Juan Muñoz ; ilustraciones Víctor Moreno
250 ## - MENCIÓN DE EDICION
Mención de edición 6a. ed.
260 ## - PUBLICACIÓN, DISTRIBUCIÓN, ETC. (PIE DE IMPRENTA)
Lugar de publicación, distribución, etc Madrid :
Nombre del editor, distribuidor, etc. Bruño,
Fecha de publicación, distribución, etc 1993
300 ## - DESCRIPCIÓN FÍSICA
Extensión 171 p. :
Otros detalles físicos il. ;
Dimensiones 19 cm.
490 0# - MENCIÓN DE SERIES
Mención de serie Alta mar
500 ## - NOTA GENERAL
Nota general Incluye datos biográficos del autor.
521 ## - TARGET AUDIENCE NOTE
Target audience note
586 ## - AWARDS NOTE
Awards note Premio Doncel de cuento infantil
586 ## - AWARDS NOTE
Awards note
700 12 - ASIENTO SECUNDARIO -- NOMBRE PERSONAL
Nombre personal Moreno, Víctor
Mención de responsabilidad il.
830 #0 - ASIENTO SECUNDARIO DE SERIE--TÍTULO UNIFORME
Título uniforme Alta mar
Número de la parte o sección de una obra 4
942 ## - ADDED ENTRY ELEMENTS (KOHA)
Source of classification or shelving scheme Dewey Decimal Classification
Koha item type Libros
945 ## - INFORMACIÓN DE PROCESAMIENTO LOCAL
Información de procesamiento local inventariado, 2018 / dg
956 ## - LOCAL ELECTRONIC LOCATION AND ACCESS (OCLC)
Método de acceso
Materiales especificados
Nombre de host VMATEO
Número de acceso 10
Información de compresión 20170117
Trayectoria BPMSU
Nombre Electrónico 0069
Existencias
Withdrawn status Lost status Source of classification or shelving scheme Damaged status Not for loan Collection code Home library Current library Date acquired Source of acquisition Total Checkouts Barcode Date last seen Copy number Price effective from Koha item type
    Dewey Decimal Classification     Colección Infantil General Biblioteca Pública Metropolitana Salomé Ureña Biblioteca Pública Metropolitana Salomé Ureña 01/17/2017 Fundación Educativa y Cultural (FUNDI)   BPMSU1701 01/17/2017 01/17/2017 Libros